<?xml version="1.0" encoding="UTF-8"?>
<record
    xmlns:xsi="http://www.w3.org/2001/XMLSchema-instance"
    xsi:schemaLocation="http://www.loc.gov/MARC21/slim http://www.loc.gov/standards/marcxml/schema/MARC21slim.xsd"
    xmlns="http://www.loc.gov/MARC21/slim">

  <leader>00781cam a22002411  4500</leader>
  <controlfield tag="001">ne 68000496 </controlfield>
  <controlfield tag="003">DLC</controlfield>
  <controlfield tag="005">20260227111838.0</controlfield>
  <controlfield tag="008">910222s1962    ir c     b    000 0 perr </controlfield>
  <datafield tag="010" ind1=" " ind2=" ">
    <subfield code="a">ne 68000496 </subfield>
  </datafield>
  <datafield tag="035" ind1=" " ind2=" ">
    <subfield code="a">(OCoLC)23139021</subfield>
  </datafield>
  <datafield tag="040" ind1=" " ind2=" ">
    <subfield code="a">DLC</subfield>
    <subfield code="c">CU</subfield>
    <subfield code="d">CU</subfield>
    <subfield code="d">DLC</subfield>
  </datafield>
  <datafield tag="042" ind1=" " ind2=" ">
    <subfield code="a">premarc</subfield>
  </datafield>
  <datafield tag="050" ind1="0" ind2="0">
    <subfield code="a">DS294</subfield>
    <subfield code="b">.M312</subfield>
  </datafield>
  <datafield tag="100" ind1="0" ind2=" ">
    <subfield code="a">Mahd&#x12B; Kh&#x101;n Astar&#x101;b&#x101;d&#x12B;,</subfield>
    <subfield code="d">active 1733-1759.</subfield>
  </datafield>
  <datafield tag="240" ind1="1" ind2="0">
    <subfield code="a">T&#x101;r&#x12B;kh-i N&#x101;dir&#x12B;</subfield>
  </datafield>
  <datafield tag="245" ind1="1" ind2="0">
    <subfield code="a">Jah&#x101;ngush&#x101;-yi N&#x101;dir&#x12B;,</subfield>
    <subfield code="c">ta&#x2BC;l&#x12B;f-i M&#x12B;rz&#x101; Mahd&#x12B; kh&#x101;n Astar &#x100;b&#x101;d&#x12B;. Bi-ihtim&#x101;m-i Sayyid &#x2BB;Abd All&#x101;h Anv&#x101;r.</subfield>
  </datafield>
  <datafield tag="260" ind1=" " ind2=" ">
    <subfield code="a">Tihr&#x101;n,</subfield>
    <subfield code="c">1341 [1962 or 3]</subfield>
  </datafield>
  <datafield tag="300" ind1=" " ind2=" ">
    <subfield code="a">32, 860 p.</subfield>
    <subfield code="b">ports.</subfield>
    <subfield code="c">25 cm.</subfield>
  </datafield>
  <datafield tag="504" ind1=" " ind2=" ">
    <subfield code="a">Bibliographical footnotes.</subfield>
  </datafield>
  <datafield tag="600" ind1="0" ind2="0">
    <subfield code="a">N&#x101;dir Sh&#x101;h,</subfield>
    <subfield code="c">Shah of Iran,</subfield>
    <subfield code="d">1688-1747.</subfield>
  </datafield>
  <datafield tag="700" ind1="1" ind2=" ">
    <subfield code="a">Anv&#x101;r, &#x2BB;Abd All&#x101;h.</subfield>
  </datafield>
  <datafield tag="999" ind1=" " ind2=" ">
    <subfield code="c">50067</subfield>
    <subfield code="d">50067</subfield>
  </datafield>
</record>
